2024/2025 Premier League Goalscorers: Gameweek 17 - Statistics

General Stats
  • This quiz has been taken 36 times
  • The average score is 30 of 32
Answer Stats
Fixture Club Score Goalscorer % Correct
Ipswich v Newcastle Newcastle 1-0 Alexander Isak
100%
Ipswich v Newcastle Newcastle 3-0 Alexander Isak
100%
Ipswich v Newcastle Newcastle 4-0 Alexander Isak
100%
Crystal Palace v Arsenal Arsenal 5-1 Declan Rice
100%
Tottenham v Liverpool Tottenham 5-3 Dominic Solanke
100%
Crystal Palace v Arsenal Arsenal 1-0 Gabriel Jesus
100%
Crystal Palace v Arsenal Arsenal 2-1 Gabriel Jesus
100%
Aston Villa v Manchester City Aston Villa 1-0 Jhon Duran
100%
Tottenham v Liverpool Liverpool 1-0 Luis Diaz
100%
Tottenham v Liverpool Liverpool 6-3 Luis Diaz
100%
Leicester v Wolves Wolves 3-0 Matheus Cunha
100%
Tottenham v Liverpool Liverpool 4-1 Mohamed Salah
100%
Tottenham v Liverpool Liverpool 5-1 Mohamed Salah
100%
Aston Villa v Manchester City Manchester City 2-1 Phil Foden
100%
Manchester United v Bournemouth Bournemouth 3-0 Antoine Semenyo
97%
Tottenham v Liverpool Tottenham 5-2 Dejan Kulusevski
97%
Tottenham v Liverpool Tottenham 2-1 James Maddison
97%
Ipswich v Newcastle Newcastle 2-0 Josh Murphy
97%
Aston Villa v Manchester City Aston Villa 2-0 Morgan Rogers
97%
Tottenham v Liverpool LIverpool 2-0 Alexis Mac Allister
93%
Brentford v Nottingham Forest Nottingham Forest 2-0 Anthony Elanga
93%
Tottenham v Liverpool Liverpool 3-1 Dominik Szoboszlai
93%
Crystal Palace v Arsenal Arsenal 4-1 Gabriel Martinelli
93%
Manchester United v Bournemouth Bournemouth 2-0 Justin Kluivert
93%
Crystal Palace v Arsenal Arsenal 3-1 Kai Havertz
93%
Brentford v Nottingham Forest Nottingham Forest 1-0 Ola Aina
93%
West Ham v Brighton West Ham 1-1 Mohammed Kudus
90%
Manchester United v Bournemouth Bournemouth 1-0 Dean Huijsen
86%
Crystal Palace v Arsenal Crystal Palace 1-1 Ismaila Sarr
86%
Leicester v Wolves Wolves 2-0 Rodrigo Gomes
86%
Leicester v Wolves Wolves 1-0 Gocalo Guedes
79%
West Ham v Brighton Brighton 1-0 Mats Wieffer
72%
No matching quizzes found
Score Distribution
Percent of People with Each Score
Percentile by Number Answered
Your Score History
You have not taken this quiz